000 00460nam a22001697a 4500
005 20251108164255.0
008 250721s1986 xx 000 0 ara d
082 1 4 _a621.9/عمل
100 1 _aالمغربي، توكل
245 1 0 _aعمليات الصيانة /
264 1 _aالقاهرة :
_bبيكمو،
_c1986.
300 _a544ص
650 1 7 _aالهندسة الميكانيكية
650 1 7 _aالمكنات
942 _2ddc
_cBK
999 _c8067
_d8067